000 00713nam a22002297a 4500
001 BR9901322
003 BR-BrBNA
005 20240312091929.0
007 ta
008 230509b bl.||||| |||| 00| 0 por d
040 _aBR-BrBNA
_bpor
_cBiblioteca Nacional de Agricultura
041 _a(Por)
072 _aA50
090 _aA50
_bBR9901322
110 1 _aSecretaria de Agricultura e Abastecimento, Sao Paulo, SP (Brasil). Coordenadoria da Pesquisa Agropecuaria
_98645
245 1 _aPortfolio de informacoes, produtos e servicos da pesquisa agropecuaria de Sao Paulo
260 3 _aSao Paulo, SP (Brasil):
_c1997.
300 _a61 p.
500 _a69 illus.
650 _aPesquisa Agricola
942 _cBK
_2AGRIS
999 _c60349
_d60349